000 00537ntaaa2200193 4500
003 01
005 20251027202318.0
008 0714s1973 ag 01
040 _aAR-BaBN
_bspa
_cAR-BaBN
_eaacr
_dRIC
082 _a280.1000 SL1m
100 _aSlack, Kenneth
_919699
245 _aMany churches and one church
250 _a1 ed.
260 _aLondon :
_bSCM Press,
_cc1964
300 _a31 p
500 _aEstudio de las divisiones de algunas iglesias y la unión de otras
650 _aConcilio mundial de iglesias
_93998
942 _cBK
999 _c17937
_d17937